| 000 | 00541nam a22001697a 4500 | ||
|---|---|---|---|
| 003 | OSt | ||
| 005 | 20140310182437.0 | ||
| 008 | 130221t xxu||||| |||| 00| 0 eng d | ||
| 020 | _a9789715844406 | ||
| 050 |
_aPE 1112 _b.M636 2006 |
||
| 100 |
_aSan Miguel, J.G. _98628 |
||
| 245 |
_aSmart english : _bmore than a worktext for grammar and syntax / _cJ. G. San Miguel, D. C. T. Barraquio, R. DV. Revilla. |
||
| 260 |
_aManila: _bC & E Publishing, _cc2006. |
||
| 300 |
_aix, 294 p. : _bill. ; _c26 cm. |
||
| 942 |
_2lcc _cSSLC |
||
| 999 |
_c13465 _d13465 |
||